00875nam a22002417a 4500003000900000005001700009008003000026020001500056040002200071082001900093100002000112245007700132250001300209260002600222300003000248490004200278586009200320586004500412586006600457586004400523700002400567830004200591DO-SdBNP20180216142759.0160718 1989 sp a spa d a8434816814 aBPMSUbspacBPMSU04axxxxxxbxxxxxx1 aRuano, Moisés13aEl caballo fantástico /cMoisés Ruano ; ilustraciones Alfonso Ruano  a4a. ed.  aMadrid : bSM,c1989. a[34] p. :bil. ;c30 cm. 0 aCuentos de la torre y la estrellav18 aMención de honor en el XI premio europeo de Literatura Juvenil "Pier Paolo Vergerio". aPremio Lazarillo de ilustración, 1984. aDiploma de honor de la feria internacional de Leipzig, 1986.  aPremio nacional de Ilustración, 1986.12aRuano, Alfonsoeil. 0aCuentos de la torre y la estrellan18